书目信息 |
| 题名: |
明清哲学与中国现代哲学诸问题
|
|
| 作者: | 吴根友 著 | |
| 分册: | ||
| 出版信息: | 北京 中华书局 2008 |
|
| 页数: | 361页 | |
| 开本: | 23cm | |
| 丛书名: | ||
| 单 册: | ||
| 中图分类: | B248.05 , B261.5 | |
| 科图分类: | ||
| 主题词: | 古典哲学--研究--中国--明清时代 , 哲学--研究--中国--现代 , 古典哲学 , 哲学 | |
| 电子资源: | ||
| ISBN: | 978-7-101-05993-9 | |
| 000 | 00930nam0 2200289 45 | |
| 001 | 1029925601 | |
| 005 | 20100428141747.25 | |
| 010 | @a978-7-101-05993-9@dCNY50.00 | |
| 100 | @a20100420d2008 em y0chiy0120 ea | |
| 101 | 0 | @achi |
| 102 | @aCN@b110000 | |
| 105 | @ay z 000yy | |
| 106 | @ar | |
| 200 | 1 | @a明清哲学与中国现代哲学诸问题@AMing Qing Zhe Xue Yu Zhong Guo Xian Dai Zhe Xue Zhu Wen Ti@f吴根友著@FWu Gen You Zhu |
| 210 | @a北京@c中华书局@d2008 | |
| 215 | @a361页@d23cm | |
| 300 | @a珞珈中国哲学 | |
| 330 | @a本书主要内容有明清哲学研究的方法论反思、戴震、郑板桥与明清哲学研究、儒家思想与政治哲学、理想人格与现代性反思等。 | |
| 606 | 0 | @a古典哲学@x研究@y中国@z明清时代 |
| 606 | 0 | @a哲学@x研究@y中国@z现代 |
| 606 | 0 | @a古典哲学 |
| 606 | 0 | @a哲学 |
| 690 | @aB248.05@v4 | |
| 690 | @aB261.5@v4 | |
| 701 | 0 | @a吴根友@AWu Gen You@4著 |
| 801 | 0 | @aCN@bTANGWEI@c20100428 |
| 905 | @b0594373-77@dB248.05@e27@f5 | |
| 明清哲学与中国现代哲学诸问题/吴根友著.-北京:中华书局,2008 |
| 361页;23cm |
| 珞珈中国哲学 |
| ISBN 978-7-101-05993-9:CNY50.00 |
| 本书主要内容有明清哲学研究的方法论反思、戴震、郑板桥与明清哲学研究、儒家思想与政治哲学、理想人格与现代性反思等。 |
| ● |
| 相关链接 |
|
|
|
|
正题名:明清哲学与中国现代哲学诸问题
索取号:B248.05/27
 
预约/预借
| 序号 | 登录号 | 条形码 | 馆藏地/架位号 | 状态 | 备注 |
| 1 | 0594373 | 205943737 | 第一样本阅览室/ [索取号:B248.05/27] | 在馆 | |
| 2 | 0594374 | 205943746 | 第一借阅区/ [索取号:B248.05/27] | 在馆 | |
| 3 | 0594375 | 205943755 | 第一借阅区/ [索取号:B248.05/27] | 在馆 | |
| 4 | 0594376 | 205943764 | 第一借阅区/ [索取号:B248.05/27] | 在馆 | |
| 5 | 0594377 | 205943773 | 教育系资料室/ [索取号:B248.05/27] | 在馆 |